Komunikácia integrovaných manažérskych systémov ako súčasť marketingu

Prínosy manažérskych systémov pre organizáciu. Rôzne pohľady na kvalitu. Obsah a využitie integrovaného manažérskeho systému v podnikateľských subjektoch z rôznych odvetví. Výsledné zistenia z prieskumu. Prínosy zavádzania a rôzne formy komunikácie kvality. Motivácie implementácie z pohľadu spôsobu...

Ausführliche Beschreibung

Gespeichert in:
Bibliographische Detailangaben
1. Verfasser: Strhan, Rastislav, 1968-
Format: Buchkapitel
Sprache:Slowakisch
Schlagworte:
Tags: Tag hinzufügen
Keine Tags, Fügen Sie das erste Tag hinzu!

MARC

LEADER 00000naa$a2200000$$$4500
001 0250784
005 20240502074024.2
041 0 |a slo 
044 |a SK 
245 1 0 |a Komunikácia integrovaných manažérskych systémov ako súčasť marketingu  |c Rastislav Strhan 
520 |a Prínosy manažérskych systémov pre organizáciu. Rôzne pohľady na kvalitu. Obsah a využitie integrovaného manažérskeho systému v podnikateľských subjektoch z rôznych odvetví. Výsledné zistenia z prieskumu. Prínosy zavádzania a rôzne formy komunikácie kvality. Motivácie implementácie z pohľadu spôsobu vnímania kvality. 
610 2 0 |a systémy riadenia 
610 2 0 |a systémy integrované manažérske 
610 2 0 |a riadenie kvality 
610 2 0 |a kvalita 
610 2 0 |a marketing 
610 2 0 |a prieskum 
610 2 0 |a Slovensko 
100 1 |a Strhan, Rastislav, 1968-